000 00697nam a2200289Ia 4500
005 20260324140129.0
008 008 260324s9999 xx 000 0 eng d
020 _a9780429192456
037 _aEBOOK
040 _aCRL
040 _beng
040 _cCRL
041 _2eng
041 _aeng
084 _qCRL
100 _aKristine DeMaria
_91203245
245 4 _aThe Packaging Development Process
245 2 _bA Guide for Engineers and Project Managers
260 _bTaylor and Francis
260 _c1999
365 _a
365 _b370
856 _uhttp://www.taylorfrancis.com/books/9780429192456
942 _cEBOOK
999 _c1804971
_d1804971